000 00597nam a2200229Ia 4500
008 210210b2009 xxu||||| |||| 00| 0 eng d
041 _aeng
082 _a150.02K ASHM
100 _aASHOKA (Bi)
245 _aManOvijnAna: vividha sparDhAtmaka parIkshegaLige ondu savira prashnOttaragaLu
260 _aMangaLuru
_bSchool of Social Work
_c2009
300 _av,146
650 _avividha
650 _asparDhAtmaka
650 _asavira
650 _aprashnOttaragaLu
650 _aparIkshegaLige
650 _aondu
650 _aManOvijnAna:
690 _aPsychology
906 _a064509
999 _c142846
_d142846